000 00617nam a2200193Ia 4500
008 090123s9999 xx 000 0 und d
082 _b36034
100 _aगांधी महात्मा
245 _aमंगल प्रभात
250 _a0
260 _bपरंधाम विद्यापिठ
_c1997
300 _a54
600 _aगांधी महात्मा
630 _aमंगल प्रभात
700 _aगांधी महात्मा
700 _aपटवर्धन अप्पा
730 _aमंगल प्रभात
942 _cBOOK
999 _c74101
_d74101